[Event "San Vicente op 8th"]
[Site "San Vicente"]
[Date "2024.03.29"]
[Round "5"]
[White "Dotzer, Lukas"]
[Black "Baskin, Robert"]
[Result "1/2-1/2"]
[WhiteElo "2338"]
[BlackElo "2461"]
[PlyCount "63"]
[EventDate "2024.03.27"]
[EventType "swiss"]
[EventRounds "9"]
[EventCountry "ESP"]
[SourceTitle "CB14_2024"]
[SourceDate "2024.04.01"]
[SourceVersion "1"]
[SourceVersionDate "2024.04.01"]
[SourceQuality "1"]

1. e4 c5 2. Nf3 d6 3. d4 cxd4 4. Nxd4 Nf6 5. Nc3 Nc6 6. Bg5 e6 7. Qd2 a6 8. 0-0-0 Bd7 9. Kb1 Nxd4 10. Qxd4 Be7 11. f3 Qc7 12. g4 h5 13. gxh5 Nxh5 14. h4 Bf6 15. Bxf6 Nxf6 16. Qg1 Ke7 17. Rh2 Qc5 18. Qg3 Nh5 19. Qe1 Rad8 20. Rg2 f6 21. Rgd2 Bc6 22. Bh3 Nf4 23. Bg4 g6 24. Nd5+ Bxd5 25. exd5 e5 26. Rd4 g5 27. b4 Qb6 28. Rc4 Rxh4 29. Rxf4 gxf4 30. Qxh4 Qxb4+ 31. Kc1 Qa3+ 32. Kb1 1/2-1/2

[Event "San Vicente op 8th"]
[Site "San Vicente"]
[Date "2024.03.28"]
[Round "3"]
[White "Dotzer, Lukas"]
[Black "Bora, Safal"]
[Result "1-0"]
[WhiteElo "2338"]
[BlackElo "2490"]
[PlyCount "73"]
[EventDate "2024.03.27"]
[EventType "swiss"]
[EventRounds "9"]
[EventCountry "ESP"]
[SourceTitle "CB14_2024"]
[SourceDate "2024.04.01"]
[SourceVersion "1"]
[SourceVersionDate "2024.04.01"]
[SourceQuality "1"]

1. e4 e5 2. Nf3 Nc6 3. Bb5 a6 4. Ba4 b5 5. Bb3 Na5 6. 0-0 d6 7. d4 Nxb3 8. axb3 f6 9. c4 b4 10. d5 Ne7 11. c5 dxc5 12. Be3 Ng6 13. Qc2 Bd6 14. Bxc5 0-0 15. Nbd2 Bd7 16. Be3 f5 17. exf5 Rxf5 18. Ne4 Nf4 19. g3 Nh3+ 20. Kg2 Qf8 21. Nfg5 Nxg5 22. Nxg5 Qf6 23. Ne6 Qg6 24. f3 Bb5 25. Rf2 Rxf3 26. Qxg6 Rxf2+ 27. Kxf2 hxg6 28. Rc1 Rc8 29. Bb6 c6 30. dxc6 Rxc6 31. Rxc6 Bxc6 32. Ke3 Kf7 33. Nd8+ Kf6 34. Nxc6 Kf5 35. h3 e4 36. g4+ Kg5 37. Bd8+ 1-0

[Event "Mitropa Cup"]
[Site "Apolda"]
[Date "2024.02.21"]
[Round "7.16"]
[White "Gallagher, Joseph G"]
[Black "Dotzer, Lukas"]
[Result "1/2-1/2"]
[WhiteElo "2423"]
[BlackElo "2346"]
[PlyCount "76"]
[EventDate "2024.02.15"]
[EventType "team-tourn"]
[EventRounds "9"]
[EventCountry "GER"]
[SourceTitle "CB09_2024"]
[SourceDate "2024.02.28"]
[SourceVersion "1"]
[SourceVersionDate "2024.02.28"]
[SourceQuality "1"]
[WhiteTeam "Switzerland"]
[BlackTeam "Austria"]
[WhiteTeamCountry "SUI"]
[BlackTeamCountry "AUT"]

1. e4 c5 2. Nf3 d6 3. d4 cxd4 4. Nxd4 Nf6 5. Nc3 a6 6. Be2 e6 7. 0-0 Be7 8. f4 Qc7 9. Kh1 Nc6 10. Be3 0-0 11. Qe1 Nxd4 12. Bxd4 b5 13. a3 Bb7 14. Qg3 Rad8 15. Bf3 Ne8 16. Qf2 Rc8 17. Rae1 Bf6 18. e5 dxe5 19. fxe5 Be7 20. Bxb7 Qxb7 21. Ne4 Qc6 22. c3 f5 23. exf6 Nxf6 24. Qh4 e5 25. Bxe5 Nxe4 26. Qxe7 Qg6 27. Bd4 Rxf1+ 28. Rxf1 Re8 29. Qd7 Nd2 30. Rd1 Re2 31. Qd5+ Qf7 32. Qa8+ Qf8 33. Qxa6 Rxg2 34. Qc6 Re2 35. Qd5+ Qf7 36. Qa8+ Qf8 37. Qd5+ Qf7 38. Qa8+ Qf8 1/2-1/2

[Event "Wch U14"]
[Site "Montesilvano"]
[Date "2023.11.16"]
[Round "4"]
[White "Poljan, Max"]
[Black "Dotzer, Lukas"]
[Result "0-1"]
[WhiteElo "1953"]
[BlackElo "2339"]
[PlyCount "100"]
[EventDate "2023.11.13"]
[EventType "swiss"]
[EventRounds "11"]
[EventCountry "ITA"]
[SourceTitle "CB48_2023"]
[SourceDate "2023.11.29"]
[SourceVersion "1"]
[SourceVersionDate "2023.11.29"]
[SourceQuality "1"]

1. e4 c5 2. Nf3 e6 3. d4 cxd4 4. Nxd4 Nc6 5. Nc3 Qc7 6. Be3 a6 7. Qf3 b5 8. Nxc6 Qxc6 9. Bd3 b4 10. Ne2 Nf6 11. Nd4 Qc7 12. Qg3 Qxg3 13. hxg3 Ng4 14. Ke2 Nxe3 15. Kxe3 Bc5 16. e5 d6 17. f4 dxe5 18. fxe5 Bb7 19. Be4 Bxd4+ 20. Kxd4 Rd8+ 21. Ke3 Bxe4 22. Kxe4 Rd2 23. Rac1 0-0 24. Kf3 f6 25. Rhd1 fxe5+ 26. Kg4 Rff2 27. Rxd2 Rxd2 28. Kf3 Kf7 29. a3 a5 30. axb4 axb4 31. b3 Ke7 32. c3 e4+ 33. Kxe4 Rxg2 34. Kf4 bxc3 35. Rxc3 Kf6 36. Rc8 g5+ 37. Kg4 h5+ 38. Kf3 Rb2 39. Rb8 g4+ 40. Ke3 Rg2 41. Kf4 e5+ 42. Ke4 Rxg3 43. Rb6+ Kg5 44. Kxe5 Re3+ 45. Kd4 Re8 46. b4 g3 47. Rb7 h4 48. Rg7+ Kf4 49. Rf7+ Kg4 50. Rg7+ Kh3 0-1

[Event "EU-ch U14 rapid"]
[Site "Terme Catez"]
[Date "2023.09.29"]
[Round "8"]
[White "Dotzer, Lukas"]
[Black "Szabo Toth, Gabor"]
[Result "1-0"]
[WhiteElo "2165"]
[BlackElo "1811"]
[PlyCount "71"]
[EventDate "2023.09.28"]
[EventType "swiss (rapid)"]
[EventRounds "9"]
[EventCountry "SLO"]
[SourceTitle "EXT 2024"]
[Source "ChessBase"]
[SourceDate "2023.10.10"]
[SourceVersion "1"]
[SourceVersionDate "2023.10.10"]
[SourceQuality "1"]

1. e4 c5 2. Nf3 e6 3. d4 cxd4 4. Nxd4 Nf6 5. Nc3 Nc6 6. Nxc6 bxc6 7. e5 Nd5 8. Ne4 Qc7 9. f4 Qb6 10. c4 Ne3 11. Qd3 Bb4+ 12. Bd2 Ba6 13. b3 0-0 14. Bxb4 Qxb4+ 15. Kf2 Nf5 16. g4 Qb6+ 17. Kg2 Ne3+ 18. Kf3 Nxf1 19. Rhxf1 c5 20. Kf2 Bb7 21. Ng5 g6 22. Qh3 h5 23. gxh5 Kg7 24. h6+ Kh8 25. Qd3 Qd8 26. Rad1 Bc6 27. Qd6 Qe8 28. Qxc5 f6 29. exf6 Rxf6 30. Qe5 Qf8 31. Kg3 a5 32. Rd6 Re8 33. Rxc6 dxc6 34. Ne4 Qxh6 35. Nxf6 Rd8 36. Ng4+ 1-0

[Event "Skalica op-A"]
[Site "Skalica"]
[Date "2023.08.23"]
[Round "5"]
[White "Dotzer, Lukas"]
[Black "Borsos, Bogdan"]
[Result "1-0"]
[WhiteElo "2377"]
[BlackElo "2130"]
[PlyCount "83"]
[EventDate "2023.08.19"]
[EventType "swiss"]
[EventRounds "9"]
[EventCountry "SVK"]
[SourceTitle "CBM 215 Extra"]
[Source "ChessBase"]
[SourceDate "2023.09.30"]
[SourceVersion "1"]
[SourceVersionDate "2023.09.30"]
[SourceQuality "1"]

1. e4 e5 2. Nf3 Nc6 3. Bb5 a6 4. Ba4 Nf6 5. 0-0 d6 6. c3 Bd7 7. Re1 g6 8. d4 Bg7 9. h3 0-0 10. Bc2 a5 11. Nbd2 exd4 12. cxd4 Nb4 13. Bb1 Bb5 14. Nf1 c5 15. a3 Nc6 16. d5 Bxf1 17. Rxf1 Na7 18. a4 Re8 19. Re1 Nd7 20. Bd3 Qc7 21. Qc2 b5 22. axb5 Reb8 23. Qe2 Qb6 24. Ra3 Ne5 25. Nxe5 Bxe5 26. Kh1 Nc8 27. f4 Bd4 28. e5 Ra7 29. e6 f5 30. Be3 Ne7 31. Bc4 a4 32. Rea1 Rba8 33. R1a2 Kg7 34. Ra1 Ng8 35. g4 fxg4 36. hxg4 Nf6 37. g5 Nh5 38. Bxd4+ cxd4 39. f5 Rf8 40. f6+ Nxf6 41. gxf6+ Rxf6 42. e7 1-0

[Event "Skalica op-A"]
[Site "Skalica"]
[Date "2023.08.20"]
[Round "2"]
[White "Sikorova, Olga"]
[Black "Dotzer, Lukas"]
[Result "0-1"]
[WhiteElo "2153"]
[BlackElo "2377"]
[PlyCount "64"]
[EventDate "2023.08.19"]
[EventType "swiss"]
[EventRounds "9"]
[EventCountry "SVK"]
[SourceTitle "CBM 215 Extra"]
[Source "ChessBase"]
[SourceDate "2023.09.30"]
[SourceVersion "1"]
[SourceVersionDate "2023.09.30"]
[SourceQuality "1"]

1. c4 Nf6 2. g3 e6 3. Bg2 d5 4. Nf3 dxc4 5. Qa4+ Nbd7 6. Qxc4 a6 7. Qc2 c5 8. 0-0 b6 9. d4 Bb7 10. Nc3 Rc8 11. dxc5 Bxc5 12. Qd3 0-0 13. h3 b5 14. a3 Qb6 15. e4 Rfd8 16. Qe2 a5 17. e5 Ba6 18. b4 axb4 19. axb4 Bxb4 20. Na2 Bc5 21. exf6 b4 22. Qb2 Bxf1 23. Bxf1 Nxf6 24. Bg5 b3 25. Bxf6 gxf6 26. Qxf6 Bxf2+ 27. Kh1 Bd4 28. Qg5+ Bg7 29. Rb1 Qf2 30. Nb4 Rd1 31. Rxd1 Qxf3+ 32. Kh2 Qxd1 0-1

[Event "Biel HTO 56th"]
[Site "Biel"]
[Date "2023.07.20"]
[Round "4"]
[White "Samadov, Read"]
[Black "Dotzer, Lukas"]
[Result "1/2-1/2"]
[WhiteElo "2482"]
[BlackElo "2369"]
[PlyCount "176"]
[EventDate "2023.07.17"]
[EventType "swiss"]
[EventRounds "10"]
[EventCountry "SUI"]
[SourceTitle "CBM 215 Extra"]
[Source "ChessBase"]
[SourceDate "2023.09.30"]
[SourceVersion "1"]
[SourceVersionDate "2023.09.30"]
[SourceQuality "1"]

1. d4 Nf6 2. c4 e6 3. Nf3 b6 4. g3 Bb7 5. Bg2 Be7 6. 0-0 0-0 7. Re1 d5 8. cxd5 exd5 9. Nc3 Nbd7 10. Bf4 c5 11. Rc1 Ne4 12. dxc5 Ndxc5 13. Be5 Re8 14. Nb5 Bf8 15. b4 Ne6 16. Qb3 Nd6 17. Nxd6 Bxd6 18. Bb2 a5 19. bxa5 Rxa5 20. Bc3 Ra3 21. Qb2 Qa8 22. Qxb6 Bc5 23. Qb1 d4 24. Bd2 d3 25. Rc3 Rxa2 26. Rxd3 Be4 27. Nh4 Bxd3 28. Qxd3 Qa7 29. Rf1 Ra1 30. e3 Rd8 31. Qc3 Ra3 32. Qc1 Rad3 33. Nf3 Qa2 34. Bc3 Ba3 35. Qa1 Qb3 36. Bd4 Rb8 37. Be5 Bd6 38. Qa7 Rd1 39. Bxd6 Rxd6 40. Ne5 Rf8 41. Nd7 Rc8 42. Ne5 Rc7 43. Qa1 Qc3 44. Qa8+ Rc8 45. Qb7 Qc7 46. Qe4 Nc5 47. Qg4 Re8 48. Nf3 Qd7 49. Qc4 Ne4 50. Qc1 Rc8 51. Qe1 Nc3 52. Nd4 g6 53. h4 Qa4 54. Qa1 Qxa1 55. Rxa1 Rb6 56. Rc1 Rb2 57. Bf3 Rc7 58. h5 Kg7 59. Kg2 Nd5 60. Rxc7 Nxc7 61. hxg6 hxg6 62. Kf1 Na6 63. Be4 Nb4 64. Kg2 f5 65. Bf3 Nd3 66. Be2 Ne1+ 67. Kg1 Rb1 68. Kh2 Rb2 69. Kg1 Nc2 70. Nxc2 Rxc2 71. Bf3 g5 72. Kg2 Kf6 73. Bb7 Ke5 74. Kf3 Rc7 75. Ba6 Ra7 76. Bd3 Ra4 77. Bc2 Ra3 78. Bb1 Rc3 79. Ba2 Kd6 80. Bb1 Ke5 81. Ba2 Rc1 82. Bf7 Rg1 83. Bc4 g4+ 84. Ke2 Rb1 85. Bd3 Rb2+ 86. Kf1 Rd2 87. Ba6 Rb2 88. Bd3 Rd2 1/2-1/2

[Event "Barbera del Valles op 45th"]
[Site "Barbera del Valles"]
[Date "2023.07.10"]
[Round "7"]
[White "Solodovnichenko, Yuri"]
[Black "Dotzer, Lukas"]
[Result "1-0"]
[WhiteElo "2520"]
[BlackElo "2369"]
[PlyCount "111"]
[EventDate "2023.07.04"]
[EventType "swiss"]
[EventRounds "9"]
[EventCountry "ESP"]
[SourceTitle "CBM 215 Extra"]
[Source "ChessBase"]
[SourceDate "2023.09.30"]
[SourceVersion "1"]
[SourceVersionDate "2023.09.30"]
[SourceQuality "1"]

1. e4 c5 2. Nf3 e6 3. g3 Nc6 4. Bg2 Nf6 5. d3 d5 6. Qe2 Be7 7. e5 Nd7 8. c4 d4 9. 0-0 0-0 10. h4 f6 11. exf6 Nxf6 12. Bf4 Bd6 13. Bxd6 Qxd6 14. Re1 Re8 15. Ne5 Nxe5 16. Qxe5 Qf8 17. Nd2 Ng4 18. Qe2 e5 19. Bxb7 Bxb7 20. Qxg4 Rab8 21. Qh5 Qf6 22. Ne4 Qc6 23. f3 Re7 24. Qg5 Qc7 25. Re2 Rf7 26. Rf1 Rbf8 27. Ref2 Rf5 28. Qd2 Qb6 29. Qe2 a5 30. b3 Qc7 31. Kh2 Qe7 32. Re1 h6 33. Kg2 R8f7 34. Rh1 Qf8 35. Rhf1 g5 36. hxg5 hxg5 37. Kg1 g4 38. fxg4 Rxf2 39. Rxf2 Rxf2 40. Nxf2 Qf3 41. Qxf3 Bxf3 42. Kf1 Kg7 43. Ke1 Kg6 44. Kd2 Kg5 45. a3 Bg2 46. Kc2 Bc6 47. Kb2 Bf3 48. b4 a4 49. b5 Bg2 50. Kc2 Ba8 51. Kd2 Bb7 52. Ne4+ Kxg4 53. Nxc5 Ba8 54. b6 Kxg3 55. b7 Bxb7 56. Nxb7 1-0

[Event "Barbera del Valles op 45th"]
[Site "Barbera del Valles"]
[Date "2023.07.09"]
[Round "6"]
[White "Dotzer, Lukas"]
[Black "Berdayes Ason, Dylan Isidro"]
[Result "1-0"]
[WhiteElo "2369"]
[BlackElo "2509"]
[PlyCount "63"]
[EventDate "2023.07.04"]
[EventType "swiss"]
[EventRounds "9"]
[EventCountry "ESP"]
[SourceTitle "CBM 215 Extra"]
[Source "ChessBase"]
[SourceDate "2023.09.30"]
[SourceVersion "1"]
[SourceVersionDate "2023.09.30"]
[SourceQuality "1"]

1. e4 c5 2. Nf3 e6 3. d4 cxd4 4. Nxd4 Nc6 5. Nc3 a6 6. g3 Nxd4 7. Qxd4 b5 8. Bf4 f6 9. 0-0-0 Ne7 10. Bd6 Nc6 11. Qc5 Bxd6 12. Rxd6 Ne5 13. Bg2 Bb7 14. Rhd1 Qc8 15. Qxc8+ Bxc8 16. f4 Nf7 17. Rb6 Ra7 18. Bh3 Ke7 19. a4 bxa4 20. Nxa4 h5 21. Bf1 d6 22. Bc4 h4 23. Rb8 Rc7 24. b3 hxg3 25. hxg3 Rh2 26. Rd2 Rh1+ 27. Kb2 Re1 28. Nb6 Bb7 29. Bxe6 Rxe4 30. Bd5 Rb4 31. Re2+ Ne5 32. Rxb7 1-0

[Event "Wch U14 blitz"]
[Site "Batumi"]
[Date "2023.06.11"]
[Round "11"]
[White "Pham, Tran Gia Phuc"]
[Black "Dotzer, Lukas"]
[Result "1-0"]
[WhiteElo "1972"]
[BlackElo "2126"]
[PlyCount "85"]
[EventDate "2023.06.10"]
[EventType "swiss (blitz)"]
[EventRounds "11"]
[EventCountry "GEO"]
[SourceTitle "EXT 2024"]
[Source "ChessBase"]
[SourceDate "2023.10.10"]
[SourceVersion "1"]
[SourceVersionDate "2023.10.10"]
[SourceQuality "1"]
[WhiteTeam "Vietnam"]
[BlackTeam "Austria"]
[WhiteTeamCountry "VIE"]
[BlackTeamCountry "AUT"]

1. d4 Nf6 2. Bf4 g6 3. Nc3 d5 4. Nf3 a6 5. h4 h5 6. Ne5 Bg7 7. e3 c5 8. Be2 cxd4 9. exd4 Bd7 10. Bf3 Nc6 11. 0-0 e6 12. Na4 Nxe5 13. dxe5 Bxa4 14. exf6 Qxf6 15. Qd2 0-0 16. Qb4 Bxc2 17. Rac1 Bd3 18. Rfd1 a5 19. Qd6 Rfd8 20. Qc7 Qf5 21. Bg5 Re8 22. Qxb7 Be4 23. Bxe4 dxe4 24. Rc7 Rad8 25. Bxd8 Qg4 26. Rcc1 Be5 27. Bc7 Bf6 28. Bg3 e3 29. Qf3 exf2+ 30. Bxf2 Bxb2 31. Qxg4 hxg4 32. Rb1 Bc3 33. Rb3 Be5 34. Rb5 Bf4 35. g3 Bc7 36. Rd7 Rc8 37. Rc5 Rb8 38. Rcxc7 Rb1+ 39. Kg2 g5 40. hxg5 e5 41. Rxf7 e4 42. g6 e3 43. Rc8# 1-0

[Event "Wch U14 blitz"]
[Site "Batumi"]
[Date "2023.06.10"]
[Round "4"]
[White "Dotzer, Lukas"]
[Black "Kondakov, Konstantin"]
[Result "1-0"]
[WhiteElo "2126"]
[BlackElo "1834"]
[PlyCount "69"]
[EventDate "2023.06.10"]
[EventType "swiss (blitz)"]
[EventRounds "11"]
[EventCountry "GEO"]
[SourceTitle "EXT 2024"]
[Source "ChessBase"]
[SourceDate "2023.10.10"]
[SourceVersion "1"]
[SourceVersionDate "2023.10.10"]
[SourceQuality "1"]
[WhiteTeam "Austria"]
[BlackTeam "Russia"]
[WhiteTeamCountry "AUT"]
[BlackTeamCountry "RUS"]

1. e4 d6 2. d4 Nf6 3. Nc3 c6 4. Be3 Qa5 5. Qd2 e5 6. Nf3 Be7 7. 0-0-0 Nbd7 8. Kb1 b5 9. Bd3 b4 10. Ne2 c5 11. dxe5 dxe5 12. Ng3 g6 13. Bc4 Qc7 14. Bh6 Nb6 15. Bb5+ Bd7 16. Qe2 c4 17. Bxd7+ Nbxd7 18. Ng5 Bf8 19. Bxf8 Kxf8 20. h4 h5 21. Qd2 Rb8 22. Qd6+ Qxd6 23. Rxd6 Ke7 24. Rhd1 Rb6 25. R6d2 c3 26. Rd3 Nc5 27. Re3 cxb2 28. Ne2 Ne6 29. Nf3 Rd8 30. Rxd8 Nxd8 31. Nxe5 Rd6 32. Kxb2 Ne6 33. f4 Nd4 34. Nxd4 Rxd4 35. Nc6+ 1-0